Oceanian Geography By Letter P - Picture Quiz - Statistics

General Stats
  • This quiz has been taken 189 times
  • The average score is 6 of 9
Answer Stats
Picture Hint Answer % Correct
(country) Palau
99%
(country) Papua New Guinea
94%
(subregion) Polynesia
81%
(city) Perth
80%
(animal) Platypus
78%
(overseas territory) {Pitcairn} Islands
60%
(capital city) Palikir
44%
Bay of {Plenty}
25%
(state) Pohnpei
10%
No matching quizzes found
Score Distribution
Percent of People with Each Score
Percentile by Number Answered
Your Score History
You have not taken this quiz